| 000 | 00517nam a2200181Ia 4500 | ||
|---|---|---|---|
| 005 | 20250508161656.0 | ||
| 008 | 008 250505s9999 xx 000 0 eng d | ||
| 037 | _aTextual | ||
| 040 |
_aFEDL _beng _cFEDL |
||
| 041 |
_aeng _2eng |
||
| 084 |
_a666.1, BER _qFEDL |
||
| 100 |
_aBerlye Milton K _9771298 |
||
| 245 | 0 | _aEncyclopedia of working with glass | |
| 260 |
_aDobbs feery, USA _bOceana Publications, Inc. _c1968 |
||
| 300 | _avii,270p | ||
| 942 |
_cTEXL _h666.1, BER |
||
| 999 |
_c1371495 _d1371495 |
||